000 00312nam a2200133Ia 4500
008 260604s9999 xx 000 0 und d
020 _a9781529740783
082 _a658.4 REE
100 _aGary rees
_935770
245 0 _aStrategic Human Resource Management
260 _bSAGE
500 _aStrategy
942 _cBK
999 _c8600
_d8600